| 000 | 003110000a22001090004500 | ||
|---|---|---|---|
| 090 |
_aAR _b04591 |
||
| 100 | 1 |
_aBrian, M. V. _998708 |
|
| 245 | 1 | 0 | _aHabitat dirrerences in sexual production by two co-existent ants |
| 041 | 0 | _aInglés | |
| 942 | _cARTICULO | ||
| 773 | 1 |
_tJournal of Animal Ecology _q943-953 p. _d1979 _g48 |
|
| 999 |
_c13691 _d13691 |
||